| 000 | 00717cam a2200217 i 4500 | ||
|---|---|---|---|
| 001 | 18679994 | ||
| 005 | 20180528102126.0 | ||
| 008 | 150629s2016 njua b s001 0 eng | ||
| 020 | _a9781474426022 | ||
| 040 | _cPK-LaUMT | ||
| 082 | 0 | 0 |
_a306.05 _bMIC-E |
| 100 | 1 | _aMichael, Aaron | |
| 245 | 1 | 0 |
_aExtreme cinema : _baffective strategies in transnational media / _cAaron Michael Kerner and Jonathan L. Knapp |
| 260 |
_aEdinburgh : _bEdinburgh University Press, _c2017 |
||
| 300 |
_a179 p.: _billustrations ; _c24 cm |
||
| 650 | 0 |
_aMotion pictures _xProduction and direction. |
|
| 650 | 0 | _aArt in motion pictures. | |
| 650 | 0 | _aExperimental films. | |
| 650 | 0 |
_aMotion picture industry _xMarketing. |
|
| 942 | _cBK | ||
| 999 |
_c104971 _d104971 |
||